All Valorant Teams by classic skin (2026) - Statistics

General Stats
  • This quiz has been taken 10 times
  • The average score is 14 of 28
Answer Stats
Picture Answer % Correct
Gen G
88%
Cloud9
75%
100 Thieves
63%
All Gamers
63%
Bilibili Gaming
63%
DRX
63%
Fnatic
63%
G2 Esports
63%
LOUD
63%
DetonatioN FocusMe
50%
EDward Gaming
50%
Evil Geniuses
50%
FunPlus Phoenix
50%
FURIA
50%
FUT Esports
50%
Gentle Mates
50%
Karmine Corp
50%
MIBR
50%
BBL Esports
38%
Dragon Ranger Gaming
38%
GIANTX
38%
Global Esports
38%
KRÜ Esports
38%
LEVIATAN
38%
FULL SENSE
25%
Natus Vincere
25%
Nova Esports
25%
JD Gaming
0%
No matching quizzes found
Score Distribution
Percent of People with Each Score
Percentile by Number Answered
Your Score History
You have not taken this quiz